000 00885nam a2200301Ia 4500
003 OSt
005 20220912145342.0
006 a|||||r|||| 00| 0
007 ta
008 220909b |||||||| |||| 00| 0 eng d
020 _a8181476166 (pbk)
024 _a79316
037 _b192, 12/11/2007, Ashutosh Technical Books
037 _cTextual
040 _aCSL
_beng
_cCSL
041 _aeng
082 _aC:(B), P4;1-;2
100 _aWeber Hans J
245 0 _aEssential mathematical methods for physicists
260 _aCalifornia
_bAcademic Press
_c2004
300 _axxii, 932p.
_ccm.
500 _aIndex 911-932p.
650 _a Mathematical physics
650 _aPhysics
700 _a Arfken George B
942 _hC:(B), P4;1-;2
_cTEXL
_2CC
999 _c29636
_d29636